| 000 | 01614nam0a2200361 4500 | ||
|---|---|---|---|
| 001 | RU\NLR\bibl\880 | ||
| 005 | 20260406031020.0 | ||
| 010 |
_a5-88929-030-4 _9800 |
||
| 021 |
_aRU _b97-25823 _91064 |
||
| 035 | _a(NLR Aleph) 000000815 | ||
| 090 |
_a1256 _c1256 |
||
| 100 | _a19980429d1997 |||y0rusy50 ca | ||
| 101 | 0 |
_arus _deng |
|
| 102 | _aRU | ||
| 105 | _aa ||||||||| | ||
| 200 | 1 |
_aМ.С. Цвет создатель хроматографии _fЕ.М. Сенченкова _gРос. акад. наук, Ин-т истории естествознания и техники им. С.И. Вавилова, Ин-т физ. химии РАН |
|
| 210 |
_aМ. _cЯнус-К _d1997 |
||
| 215 |
_a439 с., ХVI с. ил.,портр. _cил., портр., факс. _d20 |
||
| 300 | _aРез. на англ. яз. | ||
| 320 | _aБиблиогр. в конце гл. | ||
| 320 | _aОпубл. работы М.С. Цвета и публ. о нем: с. 410-432 | ||
| 320 | _aИмен. указ. с. 433-438 | ||
| 600 | 1 |
_aЦвет _bМ.С. _f1872 - 1919 _gМихаил Семенович _91204749 _3RU\NLR\auth\66169859 |
|
| 686 | _aГ583.3д(2)Цвет | ||
| 700 | 1 |
_4070 _7ca _8rus _aСенченкова _bЕ. М. _f1930- _gЕвгения Михайловна _3RU\NLR\AUTH\771163 _9111193 |
|
| 702 | 1 |
_4570 _8rus _7ca _aЦвет _bМ. С. _f1872-1919 _gМихаил Семенович _3RU\NLR\auth\771169 _9111199 |
|
| 801 | 0 |
_aRU _bNLR _c19980429 _gPSBO |
|
| 801 | 1 |
_aRU _bNLR _c19980429 |
|
| 830 | _aАвт. раскрыт в конце кн. | ||
| 852 |
_aNLR _j97-3/10206 |
||
| 942 | _cBOOK | ||
| 980 | _aNB | ||